| 000 -LEADER |
| fixed length control field |
00867nam a22002177a 4500 |
| 003 - CONTROL NUMBER IDENTIFIER |
| control field |
OSt |
| 005 - DATE AND TIME OF LATEST TRANSACTION |
| control field |
20260124084758.0 |
| 008 - FIXED-LENGTH DATA ELEMENTS--GENERAL INFORMATION |
| fixed length control field |
230612b ||||| |||| 00| 0 eng d |
| 040 ## - CATALOGING SOURCE |
| Transcribing agency |
SSBUL |
| 041 ## - LANGUAGE CODE |
| Language code of text/sound track or separate title |
Shan |
| 082 ## - DEWEY DECIMAL CLASSIFICATION NUMBER |
| Edition number |
23 |
| Classification number |
895.9194 |
| 100 0# - MAIN ENTRY--PERSONAL NAME |
| Personal name |
ၼုမ်ႇၸၢမ်ၶၢဝ်။ |
| 245 10 - TITLE STATEMENT |
| Title |
ၼုမ်ႇၼုမ်ႇဢွၼ်ႇၼမ်ႉၶမ်း ------ ႁဝ်းႁၵ်ႉသူတေႉယူႇၵေႃႈ / |
| Statement of responsibility, etc. |
ၼုမ်ႇၸၢမ်ၶၢဝ်။ |
| 260 ## - PUBLICATION, DISTRIBUTION, ETC. |
| Place of publication, distribution, etc. |
ဝဵင်းလိူဝ်ႇ၊ |
| Name of publisher, distributor, etc. |
ၽူၼ်ၶၢဝ်၊ |
| Date of publication, distribution, etc. |
2010 ။ |
| 300 ## - PHYSICAL DESCRIPTION |
| Extent |
147 ၼႃႈ၊ |
| Other physical details |
ပႃးၶႅပ်းႁၢင်ႈ(သီ)၊ |
| Dimensions |
20 ၸိၼ်ႇတီႇ။ |
| 500 ## - GENERAL NOTE |
| General note |
S-SAT: Dr. Prof Sai Aung Tun |
| 650 ## - SUBJECT ADDED ENTRY--TOPICAL TERM |
| Topical term or geographic name entry element |
လိၵ်ႈႁွမ်တွမ် |
| 942 ## - ADDED ENTRY ELEMENTS (KOHA) |
| Koha item type |
Books (Long term) |
| 100 0# - MAIN ENTRY--PERSONAL NAME |
| 9 (RLIN) |
25748 |
| 650 ## - SUBJECT ADDED ENTRY--TOPICAL TERM |
| 9 (RLIN) |
20801 |
|
| Source of classification or shelving scheme |
|
|
| Source of classification or shelving scheme |
|